Hominin Species - Statistics

General Stats
  • This quiz has been taken 118 times
  • The average score is 10 of 25
Answer Stats
Hint Answer % Correct
Ho er Homo erectus
95%
Ho sa Homo sapiens
94%
Ho ha Homo habilis
81%
Ho ne Homo neanderthalensis
79%
Au af Australopithecus afarensis
57%
Ho fl Homo floresiensis
57%
Ho er Homo ergaster
54%
Ho he Homo heidelbergensis
52%
Pa ro Paranthropus robustus
46%
Au af Australopithecus africanus
43%
Ho ru Homo rudolfensis
43%
Ho na Homo naledi
40%
Pa bo Paranthropus boisei
38%
Ho an Homo antecessor
32%
Sah.. Sahelanthropus tchadensis
30%
Ar ra Ardipithecus ramidus
24%
Pa ae Paranthropus aethiopicus
21%
Ar ka Ardipithecus kadabba
19%
Ke pl Kenyanthropus platyops
19%
Au an Australopithecus anamensis
17%
Orr... Orrorin tugenensis
17%
Au se Australopithecus sediba
16%
Au ga Australopithecus garhi
14%
Au ba Australopithecus bahrelghazali
10%
Au de Australopithecus deyiremeda
6%
No matching quizzes found
Score Distribution
Percent of People with Each Score
Percentile by Number Answered
Your Score History
You have not taken this quiz